PI-algebras : an introduction

Αποθηκεύτηκε σε:
Λεπτομέρειες βιβλιογραφικής εγγραφής
Κύριος συγγραφέας: Jacobson, Nathan, 1910-1999
Μορφή: Βιβλίο
Γλώσσα:English
Δημοσίευση: Berlin : Springer, 1975
Σειρά:Lecture notes in mathematics (Springer-Verlag) ; 441
Θέματα:
Ετικέτες: Προσθήκη ετικέτας
Δεν υπάρχουν, Καταχωρήστε ετικέτα πρώτοι!

MARC

LEADER 00000nam a2200000 i 4500
001 1/59144
008 941103s1975 eng d
020 |a 3-540-07143-1 
035 |a 1993  |l 10046030 
040 |a GR-MY-UA  |b gre  |e aacr 
041 0 |a eng 
082 0 |a 512.4 
100 1 |a Jacobson, Nathan,   |d 1910-1999. 
245 1 0 |a PI-algebras :  |b an introduction /  |c Nathan Jacobson 
260 |a Berlin :   |b Springer,   |c 1975 
300 |a 114 p.;  |c 24 cm. 
490 1 |a Lecture notes in mathematics (Springer-Verlag)  |v ; 441 
500 |a Includes bibliography 
650 0 0 |a Rings (Algebra) 
830 0 |a Lecture notes in mathematics (Springer-Verlag)  |v ; 441 
852 |a INST  |b SAMOS  |e 19941103  |h 512.4 JAC  |p 005300008154  |q 005300008154  |t BK  |y 0 
909 |a Σ  |b 028821